Godfrey v Conway CBC (Record no. 68360)

MARC details
000 -LEADER
fixed length control field 00812cam a2200181 4500
001 - CONTROL NUMBER
control field X114828
008 - FIXED-LENGTH DATA ELEMENTS--GENERAL INFORMATION
fixed length control field 010926n2001 000 0 eng u
035 ## - SYSTEM CONTROL NUMBER
System control number (Sirsi) u114828
245 ## - TITLE STATEMENT
Title Godfrey v Conway CBC
260 ## - PUBLICATION, DISTRIBUTION, ETC.
Date of publication, distribution, etc. 2001
490 ## - SERIES STATEMENT
Series statement Journal of Planning and Environment Law
Volume/sequential designation {2001] JPL 1162-1168(7)
520 ## - SUMMARY, ETC.
Summary, etc. QBD 13 November 2000. Statutory nuisance. Abatement notice alleging noise nuisance. Whether noise amounted to a stattuory nuisance. Whether requirement to 'abate' the nuisance and 'prevent recurrence' rendered the notice invalid. Appeals against notice dismissed. (Taken from journal headnote)
650 ## - SUBJECT ADDED ENTRY--TOPICAL TERM
Topical term or geographic name entry element GODFREY V CONWAY CBC
650 ## - SUBJECT ADDED ENTRY--TOPICAL TERM
Topical term or geographic name entry element STATUTORY NUISANCE
650 ## - SUBJECT ADDED ENTRY--TOPICAL TERM
Topical term or geographic name entry element NOISE ABATEMENT
690 ## - LOCAL SUBJECT ADDED ENTRY--TOPICAL TERM (OCLC, RLIN)
Topical term or geographic name as entry element ENVIRONMENTAL AND LAND CONSULTANCY-PLANNING AND DEVELOPMENT
942 ## - ADDED ENTRY ELEMENTS (KOHA)
Suppress in OPAC 0
Holdings
Withdrawn status Lost status Source of classification or shelving scheme Damaged status Not for loan Home library Current library Shelving location Date acquired Total Checkouts Full call number Barcode Date last seen Copy number Price effective from Koha item type
    Dewey Decimal Classification     London London Journal article 26/09/2001   X114828 114828-1001 06/08/2019 1 06/08/2019 Journal article